| 000 | 00446nam a2200193Ia 4500 | ||
|---|---|---|---|
| 003 | OSt | ||
| 005 | 20250612144632.0 | ||
| 008 | 191130s2006##################000#0#eng## | ||
| 020 | _a9781416502708 | ||
| 040 |
_aACL _cACL |
||
| 082 | _a823.92 FRA | ||
| 245 |
_aOne life _cRebecca Frayn |
||
| 260 |
_aLondon _c2006 |
||
| 300 | _a245p | ||
| 856 | _3pbk | ||
| 942 |
_2ddc _cENGLISH |
||
| 990 | _ab851119dac10000c1e8bc62387fa80d7 | ||
| 999 |
_c26947 _d26947 |
||